Top 100 Australian Baby Girl Names: 1950s Quiz Stats

 Plays Quiz not verified by Sporcle

Challenge
Share
Tweet
Embed
Score 0/100 Timer 12:00
0 Plays Today
Rank Name % Correct
16Anne
96.6%
37Ann
96.6%
18Mary
96.1%
12Elizabeth
95.3%
25Catherine
93.7%
54Kathryn
93.7%
84Jan
93.5%
53Jane
92.7%
4Margaret
91.9%
79Joan
91.4%
1Susan
91.1%
24Linda
90.8%
97Lynda
90.8%
9Helen
89.8%
38Maria
89.5%
89Anna
89.5%
10Patricia
88.7%
5Julie
88.2%
43Janet
88.2%
32Carol
87.2%
64Marie
85.6%
66Maree
85.6%
2Jennifer
85.1%
13Karen
83.8%
23Barbara
83.8%
3Christine
83.2%
17Sandra
83.2%
14Deborah
83%
34Debra
83%
22Dianne
82.7%
27Diane
82.7%
31Sharon
82.5%
65Donna
80.4%
52Michelle
80.1%
Rank Name % Correct
72Michele
80.1%
36Kathleen
79.8%
8Judith
79.6%
88Diana
79.6%
98Angela
79.3%
15Wendy
78.8%
49Joanne
78.8%
45Carolyn
78.5%
71Frances
78.5%
21Suzanne
77.2%
74Susanne
77.2%
30Pamela
76.4%
78Amanda
75.4%
69Ruth
74.6%
28Denise
74.1%
33Kim
73.8%
61Lynne
72.8%
92Lynn
72.8%
75Jacqueline
72.5%
91Brenda
72.5%
11Cheryl
72.3%
39Janice
72%
57Louise
71.2%
77Irene
70.9%
86Dorothy
69.6%
73Jill
68.6%
62Pauline
68.3%
82Alison
67.8%
47Heather
67.5%
85Debbie
67.5%
67Jeanette
67.3%
70Janette
67.3%
41Annette
66.8%
59Shirley
66.8%
Rank Name % Correct
100Valerie
66.8%
44Marilyn
65.4%
80Joy
65.2%
83Sally
65.2%
58Lesley
64.9%
90Elaine
64.1%
96Marion
63.9%
29Rhonda
61.8%
99Gloria
61.8%
26Gail
61.5%
19Vicki
61%
42Maureen
61%
35Lorraine
60.7%
60Rosemary
60.7%
94Virginia
58.6%
46Beverley
58.1%
6Robyn
55.5%
48Colleen
53.4%
68Yvonne
51.6%
87Sue
50.8%
7Lynette
47.1%
20Kerry
46.3%
40Kerrie
46.3%
56Kay
43.7%
81Janelle
41.9%
63Glenda
40.8%
93Penelope
38.5%
50Narelle
37.2%
51Roslyn
33.8%
76Bronwyn
31.2%
95Carmel
31.2%
55Leonie
29.6%

You're not logged in!

Compare scores with friends on all Sporcle quizzes.
OR
Log In

You Might Also Like...

Show Comments

Extras

Top Quizzes Today


Score Distribution

Your Account Isn't Verified!

In order to create a playlist on Sporcle, you need to verify the email address you used during registration. Go to your Sporcle Settings to finish the process.

Report this User

Report this user for behavior that violates our Community Guidelines.

Details: